| 000 -LEADER |
| fixed length control field |
00738nam a2200277Ia 4500 |
| 001 - CONTROL NUMBER |
| control field |
20684 |
| 003 - CONTROL NUMBER IDENTIFIER |
| control field |
GE_BSU |
| 005 - DATE AND TIME OF LATEST TRANSACTION |
| control field |
20200615135549.0 |
| 008 - FIXED-LENGTH DATA ELEMENTS--GENERAL INFORMATION |
| fixed length control field |
181216s||||||||xx |||||||||||||| ||und|| |
| 020 ## - INTERNATIONAL STANDARD BOOK NUMBER |
| International Standard Book Number |
9780443067211 |
| 040 ## - CATALOGING SOURCE |
| Transcribing agency |
GE_BSU |
| 080 ## - UNIVERSAL DECIMAL CLASSIFICATION NUMBER |
| Universal Decimal Classification number |
611(084.4) D-80 |
| 100 ## - MAIN ENTRY--PERSONAL NAME |
| Personal name |
Drake, Richard L.; Vogl, A. Wayne; Mitchell, Adam W. M.; |
| 9 (RLIN) |
8422 |
| 245 ## - TITLE STATEMENT |
| Title |
Gray's Atlas of Anatomy |
| 245 ## - TITLE STATEMENT |
| Statement of responsibility, etc. |
Managing editor Gruliow Rebecca |
| 260 ## - PUBLICATION, DISTRIBUTION, ETC. |
| Place of publication, distribution, etc. |
Philadelfia |
| 260 ## - PUBLICATION, DISTRIBUTION, ETC. |
| Name of publisher, distributor, etc. |
Elsevier |
| 260 ## - PUBLICATION, DISTRIBUTION, ETC. |
| Date of publication, distribution, etc. |
2008 |
| 300 ## - PHYSICAL DESCRIPTION |
| Extent |
558 p. 28cm. ill. |
| 653 ## - INDEX TERM--UNCONTROLLED |
| Uncontrolled term |
Gray's Atlas of Anatomy |
| 653 ## - INDEX TERM--UNCONTROLLED |
| Uncontrolled term |
Анатомия |
| 653 ## - INDEX TERM--UNCONTROLLED |
| Uncontrolled term |
ანატომია |
| 653 ## - INDEX TERM--UNCONTROLLED |
| Uncontrolled term |
მედიცინა |
| 942 ## - ADDED ENTRY ELEMENTS (KOHA) |
| Koha item type |
წიგნი |
| Source of classification or shelving scheme |
|